000 01756nam0a22003371 4500
001 v19\rc\1931640
005 20260317160022.0
035 _a(NLR Aleph) 005016774
090 _a6546064
_c6546064
100 _a20080404d1912 u y0rusy50 ca
101 0 _arus
102 _aRU
105 _ay z |||||
200 1 _aКурс практического тюрьмоведения
_eСост. по прогр., утв. нач. Гл. тюрем. упр. тайн сов. С.С. Хрулевым и под общ. ред. инспектора того же Упр. Н.Ф. Лучинского
_f[Проф. С. Познышев]
210 _aСанкт-Петербург
_cтипо-лит. Спб. одиноч. тюрьмы
_d1912
215 _a144 с.
_d25
300 _aАвт. указан в конце текста
311 _aПрил. к № 12 журн. "Тюрем. вестн." за 1912 г.
316 _aЭкз. РНБ (2/1562): приплетено...
_5NLR: 2/1562
422 0 _12001#$aТюремный вестник$v1912, № 12
_tТюремный вестник
482 0 _1001RU\NLR\INFOCOMM31\5000078550
_12001#$aТюремный вестник$v1912, № 12
_94633511
_cБ. м.
_d1912
_tТюремный вестник. - Г.20 1912, № 12
_v1912, № 12
700 1 _aПознышев
_bС.В.
_f1870-
_gСергей Викторович
702 1 _aЛучинский
_bН.Ф.
_gНиколай Федорович
_4340
702 1 _4570
_7ca
_8rus
_aХрулев
_bС. С.
_cюрист
_f1860-1913
_gСтепан Степанович
_969647
_3RU\NLR\AUTH\7786719
801 0 _aRU
_bNLR
_gpsbo
801 0 _aRU
_bRuMoRGB
_2psbo
801 1 _aRU
_bProSoft-M
_2rusmarc
852 _aNLR
_j2/1562
942 _cBOOK
980 _aNB